000 00601nam a2200241 a 4500
001 nice12345678
003 IN_TiNIC
005 20260116012848.0
008 050524s1948 hyda grp 000 0 per
020 _a
_c100
082 0 0 _a295
_bYAZ
100 _aYazdi, Fatahullah Maftoon
245 _aWandedaad, Hissa Suwam Kitab Awastaed
260 _aHyderabad
_bNizam Government
_c1948
300 _a179p
500 _aincludes index and biblioraphy
505 2 _aIndex
650 _aZoroastrianism
700 1 _aYazdi, Fatahullah Maftoon
902 _bSRS
942 _cBK
999 _c8686
_d8686